| 000 -LEADER |
| fixed length control field |
00775nam a2200229Ia 4500 |
| 001 - CONTROL NUMBER |
| control field |
3157 |
| 003 - CONTROL NUMBER IDENTIFIER |
| control field |
GE_BSU |
| 008 - FIXED-LENGTH DATA ELEMENTS--GENERAL INFORMATION |
| fixed length control field |
181216s||||||||xx |||||||||||||| ||und|| |
| 020 ## - INTERNATIONAL STANDARD BOOK NUMBER |
| International Standard Book Number |
002309437 |
| -- |
5851730536 |
| 040 ## - CATALOGING SOURCE |
| Transcribing agency |
GE_BSU |
| 080 ## - UNIVERSAL DECIMAL CLASSIFICATION NUMBER |
| Universal Decimal Classification number |
338.244.018 |
| 100 ## - MAIN ENTRY--PERSONAL NAME |
| Personal name |
Бирман, Г Шмидт, С; |
| 245 ## - TITLE STATEMENT |
| Title |
Экономический анализ инвестиционных проектов=Economic Analysis of investmeht Projects. |
| 245 ## - TITLE STATEMENT |
| Statement of responsibility, etc. |
Пер. с англ. под ред. Л.П.Белых |
| 260 ## - PUBLICATION, DISTRIBUTION, ETC. |
| Place of publication, distribution, etc. |
москва |
| 260 ## - PUBLICATION, DISTRIBUTION, ETC. |
| Name of publisher, distributor, etc. |
Банки, Биржи, Юнити |
| 260 ## - PUBLICATION, DISTRIBUTION, ETC. |
| Date of publication, distribution, etc. |
1997 |
| 300 ## - PHYSICAL DESCRIPTION |
| Extent |
631 ст. |
| 653 ## - INDEX TERM--UNCONTROLLED |
| Uncontrolled term |
Экономический анализ инвестиционных проектов |
| 942 ## - ADDED ENTRY ELEMENTS (KOHA) |
| Koha item type |
წიგნი |